| 000 | 00535nam a22001817a 4500 | ||
|---|---|---|---|
| 999 |
_c6019 _d6019 |
||
| 003 | AR-CdUCM | ||
| 008 | 190313b ||||| |||| 00| 0 spa d | ||
| 040 |
_aMUNICIPALIDAD PROVINCIAL DEL CUSCO _cBIBLIOTECA MUNICIPAL DEL CUSCO |
||
| 082 |
_a869.96 / _bR75 |
||
| 100 |
_aRogelio Nogueras, Luis _917593 |
||
| 245 | _aImitación de la vida / | ||
| 260 |
_aLa Habana : _bEdiciones casa de las Américas, _c1981. |
||
| 300 |
_a108 páginas ; _c19 cm. |
||
| 505 | _aPoemas. | ||
| 650 |
_aPoemas. _9929 |
||
| 942 |
_2ddc _cLIBROS |
||
| 945 | _awfj | ||